MGMT / (Record no. 24244)

000 -LEADER
fixed length control field 00940cam a22002774a 4500
001 - CONTROL NUMBER
control field 14971197
003 - CONTROL NUMBER IDENTIFIER
control field OSt
005 - DATE AND TIME OF LATEST TRANSACTION
control field 20170128100027.0
008 - FIXED-LENGTH DATA ELEMENTS--GENERAL INFORMATION
fixed length control field 070817s2008 ohua b 001 0 eng
010 ## - LIBRARY OF CONGRESS CONTROL NUMBER
LC control number 2007935608
020 ## - INTERNATIONAL STANDARD BOOK NUMBER
International Standard Book Number 9780324580334 (student ed. : pbk.)
020 ## - INTERNATIONAL STANDARD BOOK NUMBER
International Standard Book Number 0324580339 (student ed. : pbk.)
040 ## - CATALOGING SOURCE
Original cataloging agency DLC
Transcribing agency DLC
050 00 - LIBRARY OF CONGRESS CALL NUMBER
Classification number HD31
Item number .W51675 2008
100 1# - MAIN ENTRY--PERSONAL NAME
Personal name Williams, Chuck,
Dates associated with a name 1959-
245 10 - TITLE STATEMENT
Title MGMT /
Statement of responsibility, etc. Chuck Williams.
246 3# - VARYING FORM OF TITLE
Title proper/short title Chuck Williams MGMT
250 ## - EDITION STATEMENT
Edition statement Student ed., 2008 ed.
260 ## - PUBLICATION, DISTRIBUTION, ETC. (IMPRINT)
Place of publication, distribution, etc. Mason, OH :
Name of publisher, distributor, etc. Thomson/South-Western,
Date of publication, distribution, etc. c2008.
300 ## - PHYSICAL DESCRIPTION
Extent ix, 376, [38] p. :
Other physical details ill. ;
Dimensions 28 cm.
500 ## - GENERAL NOTE
General note Cover title.
504 ## - BIBLIOGRAPHY, ETC. NOTE
Bibliography, etc Includes bibliographical references and index.
650 #0 - SUBJECT ADDED ENTRY--TOPICAL TERM
Topical term or geographic name as entry element Management.
906 ## - LOCAL DATA ELEMENT F, LDF (RLIN)
a 7
b cbc
c origcop
d 3
e epcn
f 20
g y-gencatlg
942 ## - ADDED ENTRY ELEMENTS (KOHA)
Source of classification or shelving scheme
Koha item type Hard Covered Materials
Classification part HD 31 .W55 2008
Holdings
Withdrawn status Lost status Source of classification or shelving scheme Damaged status Not for loan Home library Current library Shelving location Date acquired Source of acquisition Total Checkouts Full call number Barcode Date last seen Date last checked out Price effective from Koha item type
          MACHAKOS UNIVERSITY LIBRARY MACHAKOS UNIVERSITY LIBRARY Open shelf 28/01/2017 Donation (BFA) 1 HD 31 .W55 2008 32527 12/08/2021 09/08/2021 28/01/2017 Hard Covered Materials
© Machakos University Library, Along The Highway, Machakos Wote Rd, Machakos, Kenya P.O. Box 136 - 90100 Machakos - Kenya

Tel: ( +254 ) 723 805829 OR Fax : 044-20353 OR Email: library@mksu.ac.ke